[Event "Niedersachsen-ch op-A"]
[Site "Verden"]
[Date "2015.01.04"]
[Round "5"]
[White "Brunner, Wilken"]
[Black "Campe, Uwe"]
[Result "0-1"]
[WhiteElo "1640"]
[BlackElo "1928"]
[PlyCount "112"]
[EventDate "2015.01.02"]
[EventType "swiss"]
[EventRounds "7"]
[EventCountry "GER"]
[SourceTitle "EXT 2018"]
[Source "ChessBase"]
[SourceDate "2017.10.13"]
[SourceVersion "1"]
[SourceVersionDate "2017.10.13"]
[SourceQuality "1"]

1. e4 c6 2. c4 d5 3. exd5 cxd5 4. cxd5 Nf6 5. Bb5+ Bd7 6. Bc4 g6 7. Nc3 Bg7 8. Nf3 0-0 9. 0-0 Bg4 10. h3 Bf5 11. d4 Nbd7 12. Bg5 Nb6 13. Bd3 Bxd3 14. Qxd3 Nbxd5 15. Na4 b6 16. Ne5 Qd6 17. a3 Rac8 18. Nc3 Nxc3 19. bxc3 Rfe8 20. Qf3 Qd5 21. Qe3 Ne4 22. c4 Qb7 23. Bf4 f6 24. Nf3 Rxc4 25. Rfe1 f5 26. Be5 Qd5 27. Rac1 Rec8 28. Rxc4 Rxc4 29. Rc1 b5 30. Rb1 a6 31. Rc1 Bf6 32. h4 Rxc1+ 33. Qxc1 Qc4 34. Qb2 a5 35. Nd2 Nxd2 36. Qxd2 Bxe5 37. dxe5 b4 38. Qd8+ Kf7 39. Qxa5 b3 40. e6+ Qxe6 41. Qc3 Qd5 42. Kh2 Qb5 43. Qh8 b2 44. Qxh7+ Ke8 45. Qh8+ Kd7 46. Qd4+ Kc7 47. Qc3+ Kb7 48. Qe3 b1Q 49. Qxe7+ Ka6 50. Qe6+ Qb6 51. Qc8+ Qb7 52. Qe6+ Q1b6 53. Qc4+ Ka7 54. Qa4+ Q6a6 55. Qd4+ Ka8 56. Qh8+ Qb8+ 0-1

[Event "Niedersachsen-ch op-A"]
[Site "Verden"]
[Date "2015.01.04"]
[Round "6"]
[White "Campe, Uwe"]
[Black "Boehme, Andre"]
[Result "1/2-1/2"]
[WhiteElo "1928"]
[BlackElo "1979"]
[PlyCount "43"]
[EventDate "2015.01.02"]
[EventType "swiss"]
[EventRounds "7"]
[EventCountry "GER"]
[SourceTitle "EXT 2018"]
[Source "ChessBase"]
[SourceDate "2017.10.13"]
[SourceVersion "1"]
[SourceVersionDate "2017.10.13"]
[SourceQuality "1"]

1. d4 g6 2. c4 Bg7 3. Nc3 d6 4. e4 Nc6 5. Nf3 e5 6. dxe5 Nxe5 7. Nxe5 Bxe5 8. Be3 Ne7 9. Bd3 0-0 10. Qd2 Be6 11. 0-0-0 f5 12. Bg5 Qe8 13. Nd5 Nxd5 14. exd5 Bd7 15. Rde1 Qf7 16. h4 h5 17. Re2 Rfe8 18. Rhe1 Kf8 19. Bh6+ Bg7 20. Bg5 Bf6 21. Bh6+ Bg7 22. Bg5 1/2-1/2

[Event "Niedersachsen-ch"]
[Site "Verden"]
[Date "2006.01.06"]
[Round "4"]
[White "Jacobs, Frank"]
[Black "Campe, Uwe"]
[Result "0-1"]
[WhiteElo "1994"]
[BlackElo "1892"]
[PlyCount "48"]
[EventDate "2006.01.??"]
[EventType "swiss"]
[EventRounds "7"]
[EventCountry "GER"]
[SourceTitle "CBM 110 Extra"]
[Source "ChessBase"]
[SourceDate "2006.03.10"]
[SourceVersion "2"]
[SourceVersionDate "2006.03.10"]
[SourceQuality "1"]

1. Nc3 c6 2. Nf3 d5 3. e4 Bg4 4. h3 Bh5 5. exd5 cxd5 6. Bb5+ Nc6 7. g4 Bg6 8. Ne5 Rc8 9. Qf3 a6 10. Ba4 e6 11. h4 h5 12. Nxg6 fxg6 13. g5 b5 14. Bb3 Nge7 15. Ne2 Nf5 16. c3 Bd6 17. d4 Rf8 18. Qd3 Qb6 19. Bf4 Nce7 20. Bxd6 Qxd6 21. Kd2 Nc6 22. Rae1 Kd7 23. Ng1 Qf4+ 24. Kc2 Qxf2+ 0-1

[Event "Nord West Cup"]
[Site "Oldenburg"]
[Date "2000.02.12"]
[Round "4"]
[White "Campe, Uwe"]
[Black "Issel, Oliver"]
[Result "0-1"]
[WhiteElo "1684"]
[BlackElo "1980"]
[PlyCount "82"]
[EventDate "2000.??.??"]
[EventType "swiss"]
[EventRounds "7"]
[EventCountry "GER"]
[SourceTitle "EXT 2002"]
[Source "ChessBase"]
[SourceDate "2001.11.25"]
[SourceVersion "1"]
[SourceVersionDate "2001.11.25"]
[SourceQuality "1"]

1. d4 Nf6 2. c4 e6 3. Nf3 b6 4. a3 Bb7 5. Nc3 d5 6. Bg5 Be7 7. e3 Nbd7 8. cxd5 Nxd5 9. Bxe7 Qxe7 10. Bd3 c5 11. Nxd5 Bxd5 12. dxc5 bxc5 13. 0-0 0-0 14. Qe2 Rab8 15. e4 Bb3 16. Nd2 Ne5 17. Bb5 c4 18. a4 Qb4 19. Nxb3 cxb3 20. f4 Ng6 21. Rac1 Rfd8 22. Rc3 Rd4 23. Qe3 Rxe4 24. Qxa7 Rd8 25. f5 exf5 26. Rc7 Ne7 27. Rb7 g6 28. a5 Re5 29. Qb6 Rd6 30. Qc7 Rdd5 31. Bc4 Qc5+ 32. Qxc5 Rxc5 33. Bxb3 Rxa5 34. Bc4 Re4 35. b3 Ra2 36. Rd1 Kg7 37. h3 f4 38. Bd5 Nxd5 39. Rxd5 Re1+ 40. Kh2 f3 41. Rdd7 Rxg2# 0-1